书目信息 |
| 题名: |
高等物理大地测量学
|
|
| 作者: | 莫里兹 , Moritz 著 ;宁津生 译 | |
| 分册: | ||
| 出版信息: | 北京 测绘出版社 1984 |
|
| 页数: | 324页 | |
| 开本: | 25cm | |
| 丛书名: | ||
| 单 册: | ||
| 中图分类: | P22 | |
| 科图分类: | ||
| 主题词: | 物理大地测量学 , 大地测量学 | |
| 电子资源: | ||
| ISBN: | ||
| 000 | 00765nam0 2200277 45 | |
| 001 | 0184002510 | |
| 005 | 20040520145500.6 | |
| 010 | @dCNY4.25 | |
| 091 | @a15039.新345 | |
| 100 | @a19950128d1984 em y0chiy0121 ea | |
| 101 | 1 | @achi@cger |
| 102 | @aCN@b110000 | |
| 105 | @ay z 000yy | |
| 106 | @ar | |
| 200 | 10 | @a高等物理大地测量学@Agao deng wu li da di ce liang xue@f(奥)莫里兹(Z.H.Moritz)著@g宁津生等译 |
| 210 | @a北京@c测绘出版社@d1984 | |
| 215 | @a324页@d25cm | |
| 606 | @a物理大地测量学 | |
| 606 | 0 | @a大地测量学 |
| 690 | @aP22 | |
| 701 | 1 | @a莫里兹@Amo li zi@bZ.H.@4著 |
| 701 | A1 | @aMoritz@bZ.H.@4著 |
| 702 | 0 | @a宁津生@Aning jin sheng@4译 |
| 801 | 0 | @aCN@b上海图书馆@c20040520 |
| 801 | 2 | @aCN@bNLC@c20040520 |
| 905 | @f1@b132397@dP22@e31 | |
| 高等物理大地测量学/(奥)莫里兹(Z.H.Moritz)著/宁津生等译.-北京:测绘出版社,1984 |
| 324页;25cm |
| ISBN :CNY4.25 |
| ● |
| 相关链接 |
|
|
|
|
正题名:高等物理大地测量学
索取号:P22/31
 
预约/预借
| 序号 | 登录号 | 条形码 | 馆藏地/架位号 | 状态 | 备注 |
| 1 | 0132300 | 202105667 | 第二样本阅览室/ [索取号:P22/31] | 在馆 | |
| 2 | 0132397 | 000625684 | 第三借阅区/ [索取号:P22/31] | 在馆 |